000 00667nam a2200265Ia 4500
005 20250425162525.0
008 250425s9999 xx 000 0 und d
020 _a9789702612810
041 _aspa
082 _a541
100 _aWANKAT, PHILLIP C.
245 0 _aINGENIERÍA DE PROCESOS DE SEPARACIÓN
250 _a2 ED.
260 _aMéxico
_bPEARSON
_c2008
260 _aNAUCALPAN DE JUAREZ
300 _a738
650 _aBIOTECNOLOGIA
650 _aCROMATOGRAFIA
650 _aDESTILACION
650 _aINGENIERIA DE PROCESOS
650 _aNANOTECNOLOGIA
700 _aVIRGILIO GONZALEZ TORRES
_etraductor
942 _c01
010 _a81636
999 _c230965
_d230965